| 000 | 01206nam a2200253Ia 4500 | ||
|---|---|---|---|
| 003 | OSt | ||
| 005 | 20210212120923.0 | ||
| 008 | 191128t2005 me aoecfr 000 0 spa d | ||
| 020 | _a9783822840740 | ||
| 040 |
_aCO-JMCR _cCO-JMCR |
||
| 041 | 0 | _aspa | |
| 082 |
_a720.946 / _bZ582o _223 |
||
| 100 | 1 |
_aZerbst, Rainer, _eautor _913380 |
|
| 245 | 1 | 0 |
_aGaudí : _b1852-1926, Antoni Gaudí i Cornet, una vida dedicada a la arquitectura / _cRainer Zerbst ; traductora Carmen Sánchez Rodríguez ; fotográfo Francois René Roland |
| 260 |
_aKöln : _bTaschen, _c2005 |
||
| 300 |
_a239 Páginas : _bilustraciones, fotografías, planos y retratos a blanco y negro y a color ; _c31 cm. |
||
| 504 | _aBibliografía: páginas 238-239 | ||
| 505 | 0 | _aGaudí: una vida dedicada a la arquitectura -- Casas Vicens -- El capricho -- Finca Güell -- Palacio Güell -- Colegio Teresiano -- Casa Calvet -- Cripta de la colonia Güel -- Bellesguard | |
| 600 | 1 | 4 |
_aGaudí I Cornet, Antoni, _d1852-1926 _xtrabajos arquitectónicos _913381 |
| 650 | 1 | 4 |
_aArquitectura española _913382 |
| 700 | 1 |
_aSánchez Rodríguez, Carmen, _etraductora _913383 |
|
| 700 | 1 |
_aRené Roland, Francois, _efotógrafo _913384 |
|
| 942 |
_2ddc _cBK |
||
| 999 |
_c3984 _d3984 |
||